A Pedra falante (Registo nº 6112)

Detalhes MARC
000 -Etiqueta do registo
Valores 01805nam a2200265 4500
010 ## - Número ISBN
ISBN 9789899800977
021 ## - Número do Depósito Legal
Número 446447/18
100 ## - Dados gerais de processamento
Dados gerais 20260121d2025 cd|y0pory50030103ba
200 1# - Titulo e menção de responsabilidade
Título próprio A Pedra falante
Primeira menção de responsabilidade texto Mundos de Vida
Outras menções de responsabilidade il. Yara Kono
210 #9 - Publicação
Local de publicação Lousado
Nome do editor Mundos de Vida
Data de publicação 2018
215 ## - Descrição física 
Paginação / Volumes 41 p.
Outras indicações físicas il.
Dimensões 29 cm
225 2# - Colecção 
Título próprio da colecção Dia nacional do pijama
Indicação de volume 7
330 ## - Sumário ou Resumo
Texto da nota Quando descobrem o motivo pelo qual um meninotraz pedrinhas para a escola, a Maria, a Milu e o Quincas decidem ajudá-lo para que volte a ter paz. Mas, quando se preparam para rir o coração desse novo amigo com um presente da avó Mimosa, tudo muda.<br/>O que começa por ser um momento familiar tristetransforma-se numa aventura perigosa, já que as pedras são injustamente acusadas de causarem todo o mal. Numa terra desanimada, com menos árvores e menos crianças, as pedrinhas que trazem nos bolsos são inocentes, mas ninguém parece importar-se.<br/>A coragem dos três amigos, à qual se junta uma criatura fantástica, vai deslindar o segredo das pedras. Esta deliciosa aventura fala da possibilidade de sermos amados e de vivermos num mundo melhor.<br/>Escrito para filhos e pais, o sétimo livro da coleção «Dia Nacional do Pijama» é uma história maravilhosa sobre a importância de deixarmos as escolhas nossas em nossas próprias mãos.
606 ## - Nome comum usado como assunto
ID Autoridade 14
Palavra de ordem Literatura infantil
606 ## - Nome comum usado como assunto
ID Autoridade 15
Palavra de ordem Literatura Portuguesa
675 ## - CDU
Notação 82-93
Edição BN
Língua por
675 ## - CDU
Notação 821.134.3
Edição BN
Língua por
702 ## - Autor secundário (pessoa individual)
Apelido Kono
Nome Yara
Datas 1972-
ID Autoridade 663
710 ## - Autor principal (colectividade)
Nome da entidade Mundos de Vida - Associação para a Educação e Solidariedade
ID Autoridade 5808
801 #0 - Fonte de origem
País PT
Agência BMVN
Regras de catalogação RPC
830 ## - Notas gerais do catalogador
Criado por Ana Caetano
Data de criação 21/01/2026
856 41 - Localização e acesso electrónico 
URL <a href="http://rnod.bnportugal.gov.pt/ImagesBN/winlibimg.aspx?skey=&doc=2230414&img=214579&save=true">http://rnod.bnportugal.gov.pt/ImagesBN/winlibimg.aspx?skey=&doc=2230414&img=214579&save=true</a>
990 ## - Elementos KOHA
Tipo de documento Livro
Exemplares
Situação do levantamento Biblioteca de origem Código de barras Cota Permissão de empréstimo Tipo de documento Forma de aquisição
  Biblioteca Escola Nº2 Vendas Novas 100000032285 LI POR/KON   Livro  

Powered by Koha